000 00662nam a2200265Ia 4500
003 OSt
005 20221006141407.0
006 a|||||r|||| 00| 0
007 ta
008 221006b |||||||| |||| 00| 0 eng d
020 _c15.90
024 _a2,073
037 _cTextual
040 _aEASL
_cEASL
_beng
041 _2eng
_aeng
082 _aY:6.41.N7, L6
100 _aBURCHETT Willfred
_9645571
245 0 _aChina
_b Quality of life
260 _aEngland
_bPenguin Books
_c1976
300 _a312p
_ccm.
490 _v CEL
650 _aCEL
942 _hY:6.41.N7, L6
_cTEXL
_2CC
999 _c1070159
_d1070159